Представление документа в формате RUSMARC

ПолеНазваниеЗначение
  Тип записи a
  Библиографический уровень m
001 Контрольный номер RU/SLIB/B/208771168
005 Дата корректировки 20220513161743.8
010 Индекс ISBN __
a ISBN 5-7190-0007-0
d Цена 1200-00
101 Язык документа 0_
a Язык текста rus
200 Заглавие и сведения об ответственности 1_
a Заглавие Нестандартный ребенок
f Первые сведения об ответственности В. Л. Леви
b Общее обозначение материала Текст
210 Выходные данные 1_
a Место издания СПб.
c Издательство Питер
d Дата издания 1993
215 Физическое описание __
a Объем 250 с.
330 Аннотация __
a Аннотация Эта книга объединяет в себе свойства учебника и романа, она о детях.
606 Тематические рубрики __
a Основная рубрика Психология
606 Тематические рубрики __
a Основная рубрика Детская психология
610 Ключевые слова 0_
a Ключевые слова дети; воспитание; внушение; родители; интимное воспитание; общение с детьми
686 Индексы других классификаций __
a Классификационный индекс 88.8; В88.8
700 Автор _1
a Фамилия Леви
b Имя В. Л.
4 Код отношения 070
801 Источник записи _0
a Страна RU
b Организация Муниципальное бюджетное учреждение культуры "Централизованная библиотечная система" г. Сургут (Центральная городская библиотека им. А. С. Пушкина)
g Правила каталогизации КиК/Елгина
801 Источник записи _1
a Страна RU
b Организация Муниципальное бюджетное учреждение культуры "Централизованная библиотечная система" г. Сургут (Центральная городская библиотека им. А. С. Пушкина)
g Правила каталогизации КиК/Елгина
852 Данные о местонахождении __
j Шифр хранения 88.8
c Каталожный индекс 88.8
i Авторский знак Л 36
p Инвентарный номер 47791
901 Тип документа __
t Тип документа m
990 Данные о заказе (DOS) __
j Количество экземпляров (DOS) 2
t N записи в КСУ для И/У (DOS) ретро